000 00515nam a2200181Ia 4500
999 _c16649
_d16649
003 OSt
005 20200606115953.0
008 190216s9999||||xx |||||||||||||| ||und||
020 _a9788190803533
040 _cMESKC library
082 _a891.433
_bVIY/S
100 _aViyogi, Kusum
_9384
245 0 _aSamkaleen Dalit Kahaniyan /
_cKusum Viyogi
260 _bJagathi Prakashan,
_c2009.
_aDelhi:
300 _a144p
650 _aHindi
942 _cBK
_2ddc
_h891.433
_iVIY/S
_k891.433
_mVIY/S